<?xml version="1.0" encoding="UTF-8"?><?xml-stylesheet type="text/xsl" href="static/style.xsl"?><OAI-PMH xmlns="http://www.openarchives.org/OAI/2.0/" xmlns:xsi="http://www.w3.org/2001/XMLSchema-instance" xsi:schemaLocation="http://www.openarchives.org/OAI/2.0/ http://www.openarchives.org/OAI/2.0/OAI-PMH.xsd"><responseDate>2026-06-29T02:46:18Z</responseDate><request verb="GetRecord" identifier="oai:docta.ucm.es:20.500.14352/133442" metadataPrefix="marc">https://docta.ucm.es/rest/oai/request</request><GetRecord><record><header><identifier>oai:docta.ucm.es:20.500.14352/133442</identifier><datestamp>2026-02-28T01:13:21Z</datestamp><setSpec>com_20.500.14352_14</setSpec><setSpec>col_20.500.14352_18</setSpec></header><metadata><record xmlns="http://www.loc.gov/MARC21/slim" xmlns:dcterms="http://purl.org/dc/terms/" xmlns:xsi="http://www.w3.org/2001/XMLSchema-instance" xmlns:doc="http://www.lyncode.com/xoai" xsi:schemaLocation="http://www.loc.gov/MARC21/slim http://www.loc.gov/standards/marcxml/schema/MARC21slim.xsd">
   <leader>00925njm 22002777a 4500</leader>
   <datafield ind2=" " ind1=" " tag="042">
      <subfield code="a">dc</subfield>
   </datafield>
   <datafield ind2=" " ind1=" " tag="720">
      <subfield code="a">Echeverría Cubello, Gabriel Esteban</subfield>
      <subfield code="e">author</subfield>
   </datafield>
   <datafield ind2=" " ind1=" " tag="720">
      <subfield code="a">Sciortino, Giuseppe</subfield>
      <subfield code="e">author</subfield>
   </datafield>
   <datafield ind2=" " ind1=" " tag="720">
      <subfield code="a">Cvjaner, Martina</subfield>
      <subfield code="e">author</subfield>
   </datafield>
   <datafield ind2=" " ind1=" " tag="260">
      <subfield code="c">2018-03-27</subfield>
   </datafield>
   <datafield ind2=" " ind1=" " tag="520">
      <subfield code="a">Since the 1990s, the notion of “migration regime” has enjoyed a growing popularity in social sciences. The popularity of a term has not been matched, however, by the development of a precise definition. Through a hermeneutical interpretation of the literature on migration regimes, we show how, despite its current imperfections and ambiguities, the concept provides a much-needed middle path in the analysis of the regulation of international migration. One that enables, for instance, an adequately complex, and yet realistic, understanding of the current role of nation-states: neither almighty, undisputed actors, nor marginal, powerless ones.</subfield>
   </datafield>
   <datafield ind1="8" ind2=" " tag="024">
      <subfield code="a">Cvajner, M., Echeverría, G., Sciortino, G. (2018). What Do We Talk when We Talk about Migration Regimes? The Diverse Theoretical Roots of an Increasingly Popular Concept. In: Pott, A., Rass, C., Wolff, F. (eds) Was ist ein Migrationsregime? What Is a Migration Regime?. Migrationsgesellschaften. Springer VS, Wiesbaden. https://doi.org/10.1007/978-3-658-20532-4_3</subfield>
   </datafield>
   <datafield ind1="8" ind2=" " tag="024">
      <subfield code="a">978-3-658-20531-7</subfield>
   </datafield>
   <datafield ind1="8" ind2=" " tag="024">
      <subfield code="a">978-3-658-20532-4</subfield>
   </datafield>
   <datafield ind1="8" ind2=" " tag="024">
      <subfield code="a">10.1007/978-3-658-20532-4_3</subfield>
   </datafield>
   <datafield ind1="8" ind2=" " tag="024">
      <subfield code="a">https://hdl.handle.net/20.500.14352/133442</subfield>
   </datafield>
   <datafield ind1="8" ind2=" " tag="024">
      <subfield code="a">https://doi.org/10.1007/978-3-658-20532-4_3</subfield>
   </datafield>
   <datafield ind1="8" ind2=" " tag="024">
      <subfield code="a">https://link.springer.com/chapter/10.1007/978-3-658-20532-4_3</subfield>
   </datafield>
   <datafield ind2="0" ind1="0" tag="245">
      <subfield code="a">What Do We Talk when We Tal about Migration Regimes. The Diverse Theoretical Roots of an Increasingly Popular Concept</subfield>
   </datafield>
</record></metadata></record></GetRecord></OAI-PMH>